000 00509nam a2200205Ia 4500
005 20250325024144.0
008 240331s9999 xx 000 0 und d
020 _a817030136X
082 _bIND
_26166
_a948
245 0 _aIndia 'We Tamils' and Sri Lanka
260 _aDelhi,
_bSri Satguru Publications
_c1987
300 _a224 p.,
650 _aTamil
650 _aPolitics
650 _aGovernment
650 _aFederalism
700 _aPiyasena, S
_eedt
700 _aSendheera, R. Y
_eedt
942 _cL
999 _c4454
_d4454